| 000 | 01337cam a2200337 i 4500 | ||
|---|---|---|---|
| 001 | bg | ||
| 003 | KOSZ 005 | ||
| 005 | 20190729103935.0 | ||
| 008 | 970629s1993 pl a f f |001 0 pol | ||
| 015 | _aPB 1993/5144 | ||
| 020 | _a8320414393 | ||
| 020 | _a8320414555 | ||
| 040 |
_aWA N _cBPK |
||
| 080 | _a621.3.037.33 | ||
| 080 | _a621.374 | ||
| 080 | _a(075.8) | ||
| 100 | 1 |
_aBaranowski, Jerzy _c(nauki techniczne). |
|
| 245 | 1 | 0 |
_aUkłady elektroniczne. _nCz. 2, _pUkłady analogowe nieliniowe i impulsowe / _cJerzy Baranowski, Grzegorz Czajkowski ; pod red. J. Baranowskiego. _hUkłady analogowe nieliniowe i impulsowe |
| 260 |
_aWarszawa : _bWydawnictwa Naukowo-Techniczne, _c1993. |
||
| 300 |
_a431, [1] s. : _brys., wykr. ; _c24 cm. |
||
| 490 | 1 | _aPodręczniki Akademickie. Elektronika, Informatyka, Telekomunikacja. | |
| 500 | _aAut. cz. 1 : Zbigniew Nosal, Jerzy Baranowski. | ||
| 504 | _aBibliogr. przy rozdz. - Indeks. | ||
| 521 | _aPodręcznik dla studentów wydz. elektroniki, zwłaszcza specjalności układowo-aparaturowych. | ||
| 650 | 4 | _aAnalogowy układ elektroniczny | |
| 655 | 4 | _aPodręczniki akademickie | |
| 700 | 1 | _aCzajkowski, Grzegorz. | |
| 710 | 2 |
_aWydawnictwa Naukowo-Techniczne _4pbl. |
|
| 830 | 0 |
_aPodręczniki Akademickie _pEIT |
|
| 942 |
_2UKD _cKS |
||
| 999 |
_c5630 _d5630 |
||